| 000 | 00730cam a22002533a 4500 | ||
|---|---|---|---|
| 001 | 31524 | ||
| 003 | PGUSA | ||
| 005 | 20140828083700.0 | ||
| 008 | 100306s2010||||xxu|||||s|||||000 1 eng d | ||
| 040 |
_aPGUSA _beng |
||
| 042 | _adc | ||
| 050 | 4 | _aPS | |
| 100 | 1 |
_aMcCarter, Margaret Hill, _d1860-1938 |
|
| 245 | 1 | 4 |
_aThe Price of the Prairie : _bA Story of Kansas _h[electronic resource] / _cMargaret Hill McCarter |
| 260 |
_bProject Gutenberg, _c2010 |
||
| 506 | _aPublic domain in the USA. | ||
| 516 | _aElectronic text | ||
| 653 | _aWestern stories | ||
| 653 | _aKansas -- Fiction | ||
| 700 | 1 | _aMarchand, J. N. | |
| 830 | 0 |
_aProject Gutenberg _v31524 |
|
| 856 | 4 | 0 | _uhttp://www.gutenberg.org/ebooks/31524 |
| 942 | _cEB | ||
| 999 |
_c260779 _d260779 |
||